=LDR 00000nam 2200000 4500 =001 000151 =020 $9786235690391 =082 $499.221 =100 $Retno Tri Vulandari =245 $Otomata bahasa dan teknik kompilasi =250 $Cetakan I =264 $Yogyakarta: Gava Media 2023 =300 $viii, 84 halaman; 23 cm. =650 $Bahasa =905 $499.221 RET o =336 $$a =337 $$a =338 $$a =005 20260702151432.0 =008 260702s2026\\\\\\\\\\\\\\\\\\\\\\\\\\\\\\\\\\\\\\\\\